Electoral protests and democratization: beyond the color revolutions (Record no. 85172)

000 -LEADER
fixed length control field 01482pab a2200205 454500
008 - FIXED-LENGTH DATA ELEMENTS--GENERAL INFORMATION
fixed length control field 180718b2009 xxu||||| |||| 00| 0 eng d
100 ## - MAIN ENTRY--PERSONAL NAME
Personal name Kalandadze, Katya
245 ## - TITLE STATEMENT
Title Electoral protests and democratization: beyond the color revolutions
260 ## - PUBLICATION, DISTRIBUTION, ETC.
Date of publication, distribution, etc. 2009
300 ## - PHYSICAL DESCRIPTION
Extent p.1403-425.
362 ## - DATES OF PUBLICATION AND/OR SEQUENTIAL DESIGNATION
Dates of publication and/or sequential designation Nov
520 ## - SUMMARY, ETC.
Summary, etc. The sight of thousands of people demonstrating for clean elections and an end to corrupt postcommunist regimes led many observers to declare that the so-called color revolutions had finally brought democracy to Serbia, Georgia, Ukraine, and Kyrgyztan. But how successful have these electoral revolutions actually been? The authors analyze all cases of electoral revolutions worldwide since 1991, distinguishing between failed and successful electoral revolutions, to conclude that even successful electoral revolutions have shown insignificant or no democratic progress in their wake. Electoral revolutions are ineffective at advancing democratization because they place too great an emphasis on elections themselves and do not address other fundamental obstacles to democratization in hybrid and authoritarian regimes. International influences have proven more successful in promoting democratization in countries of postcommunist Europe. - Reproduced.
650 ## - SUBJECT ADDED ENTRY--TOPICAL TERM
Topical term or geographic name entry element Democratization
650 ## - SUBJECT ADDED ENTRY--TOPICAL TERM
Topical term or geographic name entry element Protest movements
650 ## - SUBJECT ADDED ENTRY--TOPICAL TERM
Topical term or geographic name entry element Elections
700 ## - ADDED ENTRY--PERSONAL NAME
Personal name Orenstein, Mitchell A.
773 ## - HOST ITEM ENTRY
Main entry heading Comparative Political Studies
908 ## - PUT COMMAND PARAMETER (RLIN)
Put command parameter N
909 ## -
-- 85172
Holdings
Withdrawn status Lost status Damaged status Not for loan Permanent Location Current Location Date acquired Serial Enumeration / chronology Barcode Date last seen Price effective from Koha item type
        Indian Institute of Public Administration Indian Institute of Public Administration 2018-07-19 Volume no: 42, Issue no: 11 AR85632 2018-07-19 2018-07-19 Articles

Powered by Koha